IFM Opac

MANAGMENT INTERNATINAL FROM SYSTEM:NEW APPROACHES TO ORGANISATION (Record no. 18913)

MARC details
000 -LEADER
fixed length control field 00339nam a22001337a 4500
020 ## - INTERNATIONAL STANDARD BOOK NUMBER
International Standard Book Number 0139064621
082 ## - DEWEY DECIMAL CLASSIFICATION NUMBER
Classification number 58,4038 LAV
100 ## - MAIN ENTRY--PERSONAL NAME
Personal name LAUDON
245 ## - TITLE STATEMENT
Title MANAGMENT INTERNATINAL FROM SYSTEM:NEW APPROACHES TO ORGANISATION
260 ## - PUBLICATION, DISTRIBUTION, ETC.
Place of publication, distribution, etc. USA
Name of publisher, distributor, etc. HALL INTERNATINAL,INC
Date of publication, distribution, etc. 1998
300 ## - PHYSICAL DESCRIPTION
Extent 463
Other physical details CM27
500 ## - GENERAL NOTE
General note INCLUDE,INDEX
942 ## - ADDED ENTRY ELEMENTS (KOHA)
Koha item type Books
Holdings
Withdrawn status Lost status Damaged status Not for loan Home library Current library Date acquired Total Checkouts Full call number Date last seen Price effective from Koha item type
        IFM Main Campus Library IFM Main Campus Library 08/22/2017   58,4038 LAV 08/22/2017 08/22/2017 Books